| 000 | 00722nam a2200205 a 4500 | ||
|---|---|---|---|
| 001 | 16820 | ||
| 003 | CO-ViMGA | ||
| 008 | 141112s2004 ck r 000 u spa d | ||
| 020 | _a9706861149 | ||
| 040 |
_aCO-ViMGA _bspa _cCO-ViMGA |
||
| 082 | 0 | 4 | _a909 K474f |
| 100 | 1 |
_aKishlansky, Mark A. _94174 |
|
| 245 | 1 | 0 | _aFuentes de la historia universal |
| 260 |
_aMexico, _cThomson, _c2001 |
||
| 300 | _a2 Vol. | ||
| 505 | _aVOLUMEN (1)Orígenes de la civilización Sociedades tradicionales Dinastías e imperios VOLUMEN (2)El mundo de los viajeros y mercaderes Industrialización e imperialismo Mundo Moderno | ||
| 590 | _aForma de adquisición : Premio - Mincultura | ||
| 650 | 1 | 4 |
_aHISTORIA UNIVERSAL _94175 |
| 942 |
_2ddc _cBK |
||
| 999 |
_c10209 _d10209 |
||